000 00783nam a22002417a 4500
003 UA-OsUOA
001 84183
007 ta
008 20120522b un ||||| |||| 00| 0 ukr d
100 _aПантюк С.
090 _a821.161.2
_bП16
942 _cBK
040 _aUA-OsUOA
_bukr
_cUA-OsUOA
_dUA-OsUOA
245 _aВійна і ми
_bроман. Дипломант конкурсу романів, кіносценаріїв, п'єс та пісенної лірики про кохання "КОРОНАЦІЯ СЛОВА - 2011"
300 _a168 с.
955 _a2
041 _aukr
080 _a821.161.2
020 _a978-617-605-001-8
260 _c2012
650 7 _a82 Література. Літературознавство
_2UDC
999 _c370418
_d370418